Teach yourself books: computer programming (Record no. 1249784)

MARC details
000 -LEADER
fixed length control field 00536nam a2200181Ia 4500
005 - DATE AND TIME OF LATEST TRANSACTION
control field 20250317123059.0
008 - FIXED-LENGTH DATA ELEMENTS--GENERAL INFORMATION
fixed length control field 008 250317s9999 xx 000 0 eng d
040 ## - CATALOGING SOURCE
Original cataloging agency FMSL
Language of cataloging eng
Transcribing agency FMSL
041 ## - LANGUAGE CODE
Language code of text/sound track or separate title eng
Source of code eng
084 ## - COLON CLASSIFICATION NUMBER
Classification number D658(2:55) N8
Assigning agency FMSL
100 ## - MAIN ENTRY--PERSONAL NAME
Personal name Murray-shelley R
9 (RLIN) 739967
245 #0 - TITLE STATEMENT
Title Teach yourself books: computer programming
260 ## - PUBLICATION, DISTRIBUTION, ETC.
Place of publication, distribution, etc. London
Name of publisher, distributor, etc. London, E University
Date of publication, distribution, etc. 1968
300 ## - PHYSICAL DESCRIPTION
Extent 224p
942 ## - ADDED ENTRY ELEMENTS (KOHA)
Koha item type Textbook
Classification part D658(2:55) N8

No items available.

Copyright @ Delhi University Library System